Vietor a nezvyčajné teplo obrali víťazného slovenského bežca minimálne o dve minúty

Bibliographic Details
Main Author: Štefko, Róbert, 1956- (Author)
Format: Article
Language:Slovak
Subjects:

MARC

LEADER 00000cab a2200000 a 4500
001 vtls000922665
003 SK-MaSNL
005 20260303034637.0
008 040720e19991004xo 0 slo
035 |a KE31542 
040 |a KEVKJB  |b slo  |c KEVKJB  |e AACR2 
041 0 |a slo 
044 |a xo  |c SK 
080 |a 796.442.16  |2 1981 
100 1 |a Štefko, Róbert,  |d 1956-  |4 aut  |9 192364 
245 1 0 |a Vietor a nezvyčajné teplo obrali víťazného slovenského bežca minimálne o dve minúty 
600 1 7 |a Štefko, Róbert,  |d 1956-  |2 KEVKJB  |9 192364 
611 2 7 |a Medzinárodný maratón mieru  |n (69. :  |d 1999 :  |c Košice, Slovensko)  |2 SNKKA  |9 97197 
651 7 |a Košice (Slovensko)  |2 KEVKJB  |9 18694 
773 0 8 |t Sme  |g Roč. 7, č.228, 4.10.1999, s. 9 
852 |a ZVYKNI  |b KIS3GCP 
999 |c 1674272  |d 1676202